Statystyki dla Quiz o Tunezji

Kliknij tutaj aby rozwiązać quiz!

Ogólne statystyki

  • Ten quiz został rozwiązany 1 074 razy
  • Średni wynik to 12 z 20

Statystyki odpowiedzi

WskazówkaOdpowiedź% Poprawnych
StolicaTunis
96%
Państwa granicząceAlgieria
95%
Państwa granicząceLibia
95%
Państwo z podobną flagą:
Turcja
93%
Państwo europejskie, które
skolonizowało Tunezję
Francja
92%
Oficjalny językarabski
91%
Pustynia leżąca na południu TunezjiSahara
91%
Morze graniczące z TunezjąMorze {Śródziemne}
87%
Starożytne miasto pokonane przez
Rzym w wojnach punickich
Kartagina
65%
Pasmo górskie sięgające do TunezjiAtlas
62%
Generał z tego miasta, który
przekroczył Alpy ze słoniami
Hannibal
55%
WalutaDinar
49%
Starożytna cywilizacja morska,
która założyła powyższe miasto
Fenicja
43%
Międzynarodowe protesty, które
rozpoczęły się w Tunezji w grudniu 2010 roku
Arabska wiosna
39%
Rdzenni mieszkańcyBerberowie
33%
Największa wyspaDżerba
24%
Wielki Meczet w Kairouan
jest domem dla najstarszego na
świecie ______ wciąż stojącego
(zaczyna się na M)
Minaretu
23%
Drugie najludniejsze miasto
(kończy się na S)
Safakis
18%
Legendarna pierwsza królowa powyższegoDydona
17%
Najbardziej wysunięty na północ
punkt na kontynencie afrykańskim
Przylądek {Angela}
10%

Rozkład punktacji

Percentyl według liczby udzielonych odpowiedzi

Procent ludzi z każdym wynikiem

Twoja historia wyników

Nie rozwiązałeś tego quizu